Underswap quiz - Statistics

General Stats
  • This quiz has been taken 53 times
  • The average score is 7 of 15
Answer Stats
Undertale characters/musics To Underswap characters/musics % Correct
Toriel Asgore
97%
Papyrus Sans
97%
Undyne Alphy's
94%
Frisk Chara
94%
Flowey Temmie
86%
Mettaton Napstablook
80%
Muffet Grillby
71%
Spider dance Fire dance
34%
Spear of justice Axe of retribution
6%
Power of NEO Power of TUNE
6%
Your best nightmare Your best Tem
6%
Bonestrouble Bonesquarrel
3%
MEGALOVANIA Megalo strikes back
3%
Metal crusher Tube compressor
3%
Battle against a true hero The true hero takes care
0%
No matching quizzes found
Score Distribution
Percent of People with Each Score
Percentile by Number Answered
Your Score History
You have not taken this quiz